Claudine en la escuela . Claudine se va . La casa de Claudine / (Record no. 82071)

MARC details
000 -LEADER
campo de control de longitud fija 00702nam a2200217 i 4500
001 - NÚMERO DE CONTROL
campo de control 82071
003 - IDENTIFICADOR DE NÚMERO DE CONTROL
campo de control ES-MaACL
005 - FECHA Y HORA DE LA ÚLTIMA TRANSACCIÓN
campo de control 20250918063029.0
007 - CAMPO FIJO DE DESCRIPCIÓN FÍSICA--INFORMACIÓN GENERAL
campo de control de longitud fija t|
008 - DATOS DE LONGITUD FIJA--INFORMACIÓN GENERAL
campo de control de longitud fija 041122s1967 sp ||||1| spa d
017 ## - NÚMERO DE COPYRIGHT O DE DEPÓSITO LEGAL
Número de copyright o de depósito legal B 34044-1967
100 1# - ENTRADA PRINCIPAL--NOMBRE DE PERSONA
Nombre de persona Colette,
Fechas asociadas al nombre 1873-1954
9 (RLIN) 161423
245 10 - MENCIÓN DEL TÍTULO
Título Claudine en la escuela . Claudine se va . La casa de Claudine /
Mención de responsabilidad, etc. Colette ; [traducción de E. Piñas].
260 ## - PUBLICACIÓN, DISTRIBUCIÓN, ETC.
Lugar de publicación, distribución, etc. Barcelona :
Nombre del editor, distribuidor, etc. Ediciones G.P.,
Fecha de publicación, distribución, etc. 1967.
300 ## - DESCRIPCIÓN FÍSICA
Extensión 447 p. ;
Dimensiones 18 cm.
490 1# - MENCIÓN DE SERIE
Mención de serie los clásicos del siglo XX ;
Designación de volumen o secuencia 13
700 1# - ENTRADA AGREGADA--NOMBRE PERSONAL
Nombre de persona Piñas, E.
9 (RLIN) 92254
830 0# - PUNTO DE ACCESO ADICIONAL DE SERIE-TÍTULO UNIFORME
Título uniforme los clásicos del siglo XX ;
Designación de volumen o secuencia 13
9 (RLIN) 183579
852 ## - LOCALIZACIÓN
Ubicación ES-MaACL
Número de control de estantería E-10456
Sublocalización o colección R.134576
Holdings
Estatus retirado Estado de pérdida Estado de daño No para préstamo Biblioteca de origen Biblioteca actual Ubicación en estantería Fecha de adquisición Fuente de adquisición Total de préstamos Signatura topográfica completa Código de barras Visto por última vez Precio de reemplazo Tipo de ítem Koha
        Biblioteca del Ateneo de Madrid Biblioteca del Ateneo de Madrid Depósito 2 17/01/2008     E-10456 1085779 23/02/2023 23/02/2023 Libro impreso